| 000 | 004770000a22001690004500 | ||
|---|---|---|---|
| 003 | LK-CoMWRAF | ||
| 008 | 230817t ||||| |||| 00| 0 eng d | ||
| 040 |
_aLK-CoMWRAF _dLK-CoMWRAF _eLK-CoMWRAF |
||
| 041 | _aeng | ||
| 082 |
_a353 _bBEI |
||
| 245 |
_a21 aam Noottandai munnorki _bBeijing velaithiddathai nadaimuraipaduthuvathatkana kainool |
||
| 260 |
_aColombo _bSL Women NGO Forum _c1997 |
||
| 300 | _ap.73 | ||
| 650 | _aBeijing platform | ||
| 650 | _awomen-SL | ||
| 942 | _cBK | ||
| 999 |
_c3076 _d3076 |
||